000 01241nam a2200337 a 4500
999 _c97644
_d97644
003 BLK
005 20250510115616.0
008 180409b bul|||||r ||||||| ||bul||
010 _aKNG00102557000
040 _aBLK
041 _aBUL
_cBUL
080 _aИталианска литература
_b821.131.1
_x-32
_z821.131.1-32
100 1 _aБокачо, Джовани
_eпърви автор
_941035
139 _aБокачо, Джовани
_bБ 60
245 1 0 _aДекамерон
_bНовели
_cДжовани Бокачо; прев. от итал. Никола Иванов.
250 _a2. изд.
257 _aITA
260 _aСофия
_bНар. култура
_c1980
_fВ. Търново : печ. Д. Найденов
300 _a684 с.
_c22 см
380 _aX
500 _aОриг. загл. Il decameron. - 1. изд. 1970. - 100 125 тир.
653 _aновели
700 1 _aИванов, Никола
_eпрев. от итал.
_9363578
852 _aЦб 105871
856 4 _qpdf
_i0.00
_ldisable
856 4 _qpdf
_i0.00
_ldisable
942 _cKNG
_n0
_08
_s1
944 _aCR
_c01.01.1999
_lХристина Везирева
_k30535
944 _aED
_c2022-12-07
_l2022-12-07
_kир
999 _d97644